000
00302nam a22001337a 4500
008
170623b xxu||||| |||| 00| 0 eng d
020
_a
9780742516274
041
_a
eng
080
_a
329
100
_a
21
101
_a
SHP
245
_a
PARTIES AND ELECTIONS IN AMERICA
_c
MAISEL,L.S
942
_2
udc
_c
BK
999
_c
19086
_d
19086